মুঘল যুগে ঢাকা: সে-কালের জনজীবনের কাহিনি / (Record no. 31970)
[ view plain ]
| 000 -LEADER | |
|---|---|
| fixed length control field | 01043nam a22002177a 4500 |
| 003 - CONTROL NUMBER IDENTIFIER | |
| control field | BDDh-ASL |
| 005 - DATE AND TIME OF LATEST TRANSACTION | |
| control field | 20231015031333.0 |
| 008 - FIXED-LENGTH DATA ELEMENTS--GENERAL INFORMATION | |
| fixed length control field | 210921s2023 b ||||| |||| 00| 0 b d |
| 040 ## - CATALOGING SOURCE | |
| Transcribing agency | BDDh-ASL |
| 041 ## - LANGUAGE CODE | |
| Language code of text/sound track or separate title | bengali |
| 082 ## - DEWEY DECIMAL CLASSIFICATION NUMBER | |
| Classification number | 954.922 |
| Item number | KAM |
| 100 1# - MAIN ENTRY--PERSONAL NAME | |
| Personal name | কামাল, শেখ মাসুম |
| 9 (RLIN) | 1612 |
| 245 10 - TITLE STATEMENT | |
| Title | মুঘল যুগে ঢাকা: সে-কালের জনজীবনের কাহিনি / |
| 246 ## - VARYING FORM OF TITLE | |
| Title proper/short title | Mughal Juge Dhaka: Se-Kaler Jonojiboner Kahini. |
| 260 ## - PUBLICATION, DISTRIBUTION, ETC. | |
| Place of publication, distribution, etc. | ঢাকা: |
| Name of publisher, distributor, etc. | দিব্য প্রকাশ, |
| Date of publication, distribution, etc. | ২০২৩। |
| 300 ## - PHYSICAL DESCRIPTION | |
| Extent | ১৯২ পৃষ্ঠা: |
| Dimensions | ২২ সে.মি. |
| 504 ## - BIBLIOGRAPHY, ETC. NOTE | |
| Bibliography, etc. note | গ্রন্থপঞ্জি সংযুক্ত । |
| 650 #0 - SUBJECT ADDED ENTRY--TOPICAL TERM | |
| Topical term or geographic name entry element | History and Heritage (ইতিহাস ও ঐতিহ্য) , ইতিহাস, History, Etihas, Itihas O Oitijjo, Etihash O Aitijjaya , Aitijjha |
| 9 (RLIN) | 7488 |
| 650 #0 - SUBJECT ADDED ENTRY--TOPICAL TERM | |
| Topical term or geographic name entry element | History of Dhaka (ঢাকার ইতিহাস) |
| 9 (RLIN) | 6126 |
| Form subdivision | মুঘল ঢাকা Mughal Dhaka |
| 942 ## - ADDED ENTRY ELEMENTS (KOHA) | |
| Source of classification or shelving scheme | Dewey Decimal Classification |
| Koha item type | Books |
| Withdrawn status | Lost status | Source of classification or shelving scheme | Damaged status | Not for loan | Collection code | Home library | Current library | Shelving location | Date acquired | Source of acquisition | Total Checkouts | Total Renewals | Full call number | Barcode | Date last seen | Date last checked out | Copy number | Price effective from | Koha item type | Public note |
|---|---|---|---|---|---|---|---|---|---|---|---|---|---|---|---|---|---|---|---|---|
| Dewey Decimal Classification | Non-fiction | Asiatic Society Library | Asiatic Society Library | Dhaka Collection | 04/16/2023 | Complimentary | 2 | 5 | 954.922 KAM | 120738 | 02/13/2025 | 09/30/2024 | C-1 | 04/16/2023 | Books | Y-2023 |